On the value of annuities and reversionary payments (Record no. 113887)
[ view plain ]
| 000 -LEADER | |
|---|---|
| fixed length control field | 00922cam a22002175a 4500 |
| 001 - CONTROL NUMBER | |
| control field | L155871 |
| 008 - FIXED-LENGTH DATA ELEMENTS--GENERAL INFORMATION | |
| fixed length control field | 120418s1844 xxk f 000 0 eng d |
| 035 ## - SYSTEM CONTROL NUMBER | |
| System control number | (Sirsi) u155871 |
| 041 0# - LANGUAGE CODE | |
| Language code of text/sound track or separate title | eng |
| 100 1# - MAIN ENTRY--PERSONAL NAME | |
| Personal name | Jones, David |
| 245 00 - TITLE STATEMENT | |
| Title | On the value of annuities and reversionary payments |
| Remainder of title | with numerous tables |
| Statement of responsibility, etc. | by David Jones ... to which is appended, a treatise on probability : by Sir John W. Lubbock, Bart., F.R.S., and J.E. Drinkwater Bethune, A.M. : published under the superintendence of the Society for the Diffusion of Useful Knowledge |
| 260 ## - PUBLICATION, DISTRIBUTION, ETC. | |
| Place of publication, distribution, etc. | London |
| Name of publisher, distributor, etc. | R. Baldwin |
| Date of publication, distribution, etc. | 1844 |
| 300 ## - PHYSICAL DESCRIPTION | |
| Extent | 2 v |
| Dimensions | 23 cm. |
| 583 ## - ACTION NOTE | |
| Action | Condition reviewed |
| Time/date of action | 20120620 |
| Status | condition level 4 |
| 651 #4 - SUBJECT ADDED ENTRY--GEOGRAPHIC NAME | |
| Geographic name | Great Britain |
| Chronological subdivision | 1707- |
| 690 ## - LOCAL SUBJECT ADDED ENTRY--TOPICAL TERM (OCLC, RLIN) | |
| Topical term or geographic name as entry element | Finance and taxation |
| 700 1# - ADDED ENTRY--PERSONAL NAME | |
| Personal name | Lubbock, J. W. |
| Fuller form of name | (John William) |
| Dates associated with a name | 1803-1865 |
| 700 1# - ADDED ENTRY--PERSONAL NAME | |
| Personal name | Drinkwater Bethune, J. E. |
| 710 1# - ADDED ENTRY--CORPORATE NAME | |
| Corporate name or jurisdiction name as entry element | Society for the Diffusion of Useful Knowledge |
| 942 ## - ADDED ENTRY ELEMENTS (KOHA) | |
| Suppress in OPAC | 0 |
| Withdrawn status | Lost status | Damaged status | Not for loan | Home library | Current library | Shelving location | Date acquired | Total Checkouts | Full call number | Barcode | Date last seen | Copy number | Price effective from | Koha item type |
|---|---|---|---|---|---|---|---|---|---|---|---|---|---|---|
| Historic collection | Historic collection | Historic collection | 18/04/2012 | PRICE OCTAVO 1844 JONES | 30077225 | 20/08/19 | 1 | 06/08/2019 | Book | |||||
| Historic collection | Historic collection | Historic collection | 10/02/2013 | PRICE OCTAVO 1844 JONES VOL. 2 | 30076815 | 06/08/2019 | 1 | 06/08/2019 | Book |